Central Library OPAC University of Rajshahi

Fungi of India / (Record no. 73010)

MARC details
000 -LEADER
fixed length control field 01128nam a2200313 a 4500
001 - CONTROL NUMBER
control field 73010
003 - CONTROL NUMBER IDENTIFIER
rucl marc code BD-RjUL
005 - DATE AND TIME OF LATEST TRANSACTION
control field 20211209082334.0
008 - FIXED-LENGTH DATA ELEMENTS--GENERAL INFORMATION
fixed length control field 170527s1981 ii bi 001 0 eng d
035 ## - SYSTEM CONTROL NUMBER
System control number (BD-RjUL)73228
040 ## - CATALOGING SOURCE
Original cataloging agency DLC
Transcribing agency DLC
Modifying agency DLC
-- BD-RjUL
Language of cataloging eng
041 ## - LANGUAGE CODE
Language code of text/sound track or separate title eng
082 00 - DEWEY DECIMAL CLASSIFICATION NUMBER
Edition number 23
Classification number 579.50954
Author mark and year FUN 1981
245 10 - TITLE STATEMENT
Title Fungi of India /
Statement of responsibility, etc. Compiled and edited by K.S.Bilgrami, Jamaluddin and M. A. Rizwi.
260 ## - PUBLICATION, DISTRIBUTION, ETC. (IMPRINT)
Place of publication, distribution, etc. New Delhi :
Name of publisher, distributor, etc. Today & Tomorrow's Printers and Publishers,
Date of publication, distribution, etc. c1979, 1981
300 ## - PHYSICAL DESCRIPTION
Pagination 2 parts ;
Size 28 cm.
504 ## - BIBLIOGRAPHY, ETC. NOTE
Bibliography, etc Includes bibliographical references and index
505 ## - FORMATTED CONTENTS NOTE
Formatted contents note Part 1. List and references -- pt. 2. Host index and addenda --
650 #0 - SUBJECT ADDED ENTRY--TOPICAL TERM
Topical term or geographic name as entry element Fungi
Geographic subdivision India.
9 (RLIN) 215924
Topical term or geographic name as entry element Phytopathogenic fungi
Geographic subdivision India.
9 (RLIN) 167141
Topical term or geographic name as entry element Fungi
Geographic subdivision India
General subdivision Periodicals
-- Indexes.
9 (RLIN) 215925
Topical term or geographic name as entry element Phytopathogenic fungi
Geographic subdivision India
General subdivision Periodicals
-- Indexes.
9 (RLIN) 215926
Topical term or geographic name as entry element Phytopathogenic fungi
General subdivision Host plants.
9 (RLIN) 215927
700 1# - ADDED ENTRY--PERSONAL NAME
Personal name Bilgrami, K.S.
Personal name Jamaluddin
Personal name Rizwi, M. A.
942 ## - ADDED ENTRY ELEMENTS (KOHA)
Source of classification or shelving scheme Dewey Decimal Classification
Koha item type Books
Holdings
Lost status Source of classification or shelving scheme Damaged status Not for loan Collection code Permanent Location Current Location Shelving location Date acquired Source of acquisition Cost, normal purchase price Total Checkouts Full call number Date last seen Copy number Koha item type
  Dewey Decimal Classification   Not For Loan Non-fiction Central Library, University of Rajshahi Central Library, University of Rajshahi Reading Room 03/08/1986 Karim International 150.00   579.50954 FUN Pt-2 1981 27/05/2017 C-1 Books
  Dewey Decimal Classification   Not For Loan Non-fiction Central Library, University of Rajshahi Central Library, University of Rajshahi Rare Book Section 03/08/1986 Karim International 150.00   579.50954 FUN Pt-1 1979 27/05/2017 C-1 Books